Statystyki dla Linie autobusowe w toruniu

Kliknij tutaj aby rozwiązać quiz!

Ogólne statystyki

  • Ten quiz został rozwiązany 92 razy
  • Średni wynik to 5 z 6

Statystyki odpowiedzi

Przystanki końcoweLinia autobusu% Poprawnych
plac skalskiego26
91%
rubinkowo II15
86%
dworzec główny27
86%
kolankowskiego31
86%
letnia32
79%
plac św. Katarzyny38
67%

Rozkład punktacji

Percentyl według liczby udzielonych odpowiedzi

Procent ludzi z każdym wynikiem

Twoja historia wyników

Nie rozwiązałeś tego quizu